|
|
|
|
| LEADER |
00610cam a2200193 a 4500 |
| 001 |
0000027762 |
| 005 |
19980112090000.0 |
| 040 |
|
|
|a mod
|
| 041 |
|
|
|a eng
|
| 020 |
0 |
0 |
|a 185043056X
|
| 090 |
0 |
0 |
|a 922.97
|b ARA
|
| 245 |
1 |
3 |
|a An ARAB-SYRIAN gentleman and warrior in the period of the crusades
|b memoirs of Usamah ibn-Munqih
|c translated by Philip K. Hitti
|
| 260 |
0 |
0 |
|a London
|b I.B.Tauris
|c 1987
|
| 300 |
0 |
0 |
|a 265p.
|c 23cm
|
| 600 |
0 |
0 |
|a Ibn-Munqidh, Usamah
|
| 650 |
0 |
0 |
|a Islamic memoirs
|z Syria
|x Biography
|
| 700 |
1 |
1 |
|a HITTI
|h Philip K.
|
| 852 |
0 |
0 |
|a 01
|
| 999 |
|
|
|a 0108289
|b KEMENTAH
|d BOOKS
|e Umum
|f Perpustakaan KEMENTAH
|j AVAILABLE
|q OLD
|